ბათუმის შოთა რუსთაველის სახელმწიფო უნივერსიტეტის ბიბლიოთეკა

ჭაბურღილის მშენებლობის დროს გადაწყვეტილების მიღების პრობლემები და ბურღვის ინოვაციური , ტექნიკურ - ტექნოლოგიური საშუალებები / (ბიბ.ჩანაწერი № 58330)

000 -ლიდერი
ფიქსირებული სიგრძის საკონტროლო ველი 01152nam a22002057a 4500
003 - საკონტროლო ნომრის იდენტიფიკატორი
საკონტროლო ველი Ge_BSU
005 - ბოლო ოპერაციის თარიღი და დრო
საკონტროლო ველი 20211109134306.0
008 - ფიქსირებული სიგრძის მონაცემთა ელემენტები - ზოგადი ინფორმაცია
ფიქსირებული სიგრძის საკონტროლო ველი 211109s2008 ge ||||| |||| 00| 0 geo d
020 ## - წიგნის საერთაშორისო სტანდარტული ნომერი
International Standard Book Number 9789941140310
041 ## - ენის კოდი
Language code of text/sound track or separate title geo
080 ## - უნივერსალური ათობითი კლასიფიკაციის ინდექსი
Universal Decimal Classification number 622.24 გ-64
100 ## - მთავარი ჩანაწერი - პიროვნების სახელი
Personal name გოგუაძე, ი.
9 (RLIN) 12861
245 ## - ცნობა სათაურის შესახებ
Title ჭაბურღილის მშენებლობის დროს გადაწყვეტილების მიღების პრობლემები და ბურღვის ინოვაციური , ტექნიკურ - ტექნოლოგიური საშუალებები /
Statement of responsibility, etc ი. გოგუაძე; სტუ.
264 ## - წარმოების, გამოცემის, დისტრიბუციის და სხვა ცნობები
გამოცემის, წარმოების, დისტრიბუციის... ადგილი თბ. :
გამოცემის, წარმოების, დისტრიბუციის... სახელწოდება ''ტექნიკური უნივერსიტეტი'',
გამოცემის, წარმოების, დისტრიბუციის... თარიღი 2008.
300 ## - ფიზიკური აღწერა
Extent 389 გვ. :
Other physical details ნახ. : ცხრ.
Dimensions 21 სმ.
504 ## - BIBLIOGRAPHY, ETC. NOTE
Bibliography, etc ბიბლიოგრ. გვ. 373-384
653 ## - INDEX TERM--UNCONTROLLED
Uncontrolled term ჭაბურღილის მშენებლობის ტექნიკურ - ტექნოლოგიური საშუალებები
710 ## - ADDED ENTRY--CORPORATE NAME
Corporate name or jurisdiction name as entry element სტუ
9 (RLIN) 12862
942 ## - ADDED ENTRY ELEMENTS (KOHA)
Source of classification or shelving scheme
Koha item type წიგნი
ეგზემპლარები
ჩამოწერის სტატუსი დაკარგული ეგზემპლარის სტატუსი კლასიფიკაციის წყარო ან თაროზე გაწყობის სქემა დაზიანების სტატუსი არ გაიცემა მუდმივი მდებარეობა (დაცვის ადგილი) ამჟამინდელი ადგილსამყოფელი თაროზე განთავსების ადგილი შეძენის თარიღი ღირებულება, შესყიდვის ნორმალური ფასი სრული შენახვის შიფრი შტრიხკოდი ბოლო ოპერაციის თარიღი ეგზემპლარის მიმდევრობითი ნომერი (კეტერი?) ფასის ძალაში შესვლის თარიღი ეგზემპლარის სახეობა საჯარო შენიშვნა
          ტექნოლოგიური ფაკულტეტის ბიბლიოთეკა ტექნოლოგიური ფაკულტეტის ბიბლიოთეკა წიგნსაცავი 2021-11-09 12.00 622.24 გ-64 29281 2021-11-09 29281 2021-11-09 წიგნი 12 ლ.